000
00344nam a2200133 a 4500
005
20140414093843.0
008
090312s19uu xx 00 eng d
050
_a
DVD 642
_b
SKI 2000
245
_a
Skills in food Service :
_b
the bake station.
260
_a
Quezon City :
_b
FELTA.
650
_a
Food service.
942
_c
AVM
999
_c
109411
_d
109411